Bilecik Bilecik Bilecik Bilecik Bilecik

Türk menşeli şahıs adları sözlüğü = (Record no. 53123)

MARC details
000 -BAŞLIK
Sabit Uzunluktaki Kontrol Alanı 00916nam a22002897a 4500
001 - KONTROL NUMARASI
Control Dosyası 0053312
003 - KONTROL NUMARASI KİMLİĞİ
Kontrol Alanı KOHA_MİRAKIL
005 - EN SON İŞLEM TARİHİ ve ZAMANI
Kontrol Alanı 20260207003913.0
007 - FİZİKSEL TANIM SABİT ALAN - GENEL BİLGİ
Sabit uzunluklu kontrol alanı ta
008 - SABİT UZUNLUKTAKİ VERİ ÖGELERİ - GENEL BİLGİ
Sabit Alan 150706b2007 aj |||gr||||#||||0|aze |
040 ## - KATALOGLAMA KAYNAĞI
Özgün Kataloglama Kurumu TR-BiSEU
Kataloglama Dili tur
Çeviri Kurumu TR-BiSEU
Açıklama Kuralları rda
041 0# - DİL KODU
Metin ya da ses kaydının dil kodu aze
044 ## - YAYINLAYAN/ÜRETEN KURULUŞUN ÜLKE KODU
ISO country code aj
050 ## - SINIFLAMA ve YER NUMARASI
Sınıflama Numarası CS2815
Yer Numarası .A93 2007
100 1# - KİŞİ ADI
Yazar Adı (Kişi adı) Aydın, Aydın Abi.
240 10 - TEK BİÇİM BAŞLIK
Tekbiçim Başlık <a href="Türk şexs adları">Türk şexs adları</a>
Language of a work Azerice
245 1# - ESER ADI BİLDİRİMİ
Başlık Türk menşeli şahıs adları sözlüğü =
Alt Eseradı vb. Türk şexs adları/
Sorumluluk Bildirimi Aydın Abi Aydın ; Aydın Abi Aydın ; editör Rüfet Rüstemov.
264 #1 - ÜRERİM, YAYIN, DAĞITIM ve TELİF BİLDİRİMİ
Yayın yeri Bakü :
Yayınlayan Nurlan Neşriyat
Yayın tarihi 2007
300 ## - FİZİKSEL TANIMLAMA
Sayfa, Cilt vb. 463 sayfa ;
Boyutları 20 cm.
336 ## - İÇERİK TÜRÜ
Content type term metin
Content type code txt
Source rdacontent
337 ## - MEDYA TÜRÜ
Media type term aracısız
Media type code n
Source rdamedia
338 ## - TAŞIYICI TÜRÜ
Carrier type term cilt
Carrier type code nc
Source rdacarrier
650 #0 - KONU BAŞLIĞI EK GİRİŞ - KONU TERİMİ
Konusal terim veya coğrafi ad Kişi adları.
9 (RLIN) 99654
650 #0 - KONU BAŞLIĞI EK GİRİŞ - KONU TERİMİ
Konusal terim veya coğrafi ad Names, Personal.
9 (RLIN) 99655
650 #0 - KONU BAŞLIĞI EK GİRİŞ - KONU TERİMİ
Konusal terim veya coğrafi ad Türk dili--Kökenbilimi--İsimler.
9 (RLIN) 99656
942 ## - EK GİRİŞ ÖGELERİ (KOHA)
Source of classification or shelving scheme Library of Congress Classification
Koha item type Book
Holdings
Materyal Türü Kalıcı Konum Mevcut Konum Raf Yeri Koleksiyon Kodu Sınıflandırma Kaynağı Edinim Bilgisi Ana Konular Alt Konular Yer Numarası Demirbaş Numarası Fatura Tarihi Geri Çekilme Durumu Kayıp Durumu Hasarlı Durumu Kredi için değil Kayıt Tarih Toplam Ödünçverme Son Görülme Tarihi Son Kontrol Tarihi Genel / Bağış Notu
Danışma Kaynakları Prof. Dr. Azmi Özcan Kütüphanesi Prof. Dr. Azmi Özcan Kütüphanesi Uluğbey Salonu Referans Library of Congress Classification Bağış TARİHE YARDIMCI BİLİMLER Şecere (Soyağacı) CS2815 .A93 2007 0053312 02/02/2026       Ödünç verilmez 06/07/2015   05/12/2024 05/12/2024 Mustafa Serin, İdari Personel